| 000 | 01091nam a22003497a 4500 | ||
|---|---|---|---|
| 003 | CHAP | ||
| 005 | 20220817040804.0 | ||
| 008 | 971013s1967 r 00010 d | ||
| 010 | _a351 | ||
| 011 | _a1323 | ||
| 035 | _a499 | ||
| 040 | _cCHAP | ||
| 082 |
_a338.9 _bA56 |
||
| 110 |
_aAmerican Society of Agronomy. Madison, Wis. _95293 |
||
| 245 | _aChallange to agronomy for the future | ||
| 260 |
_aMadison : _bThe Society, _c1967 |
||
| 300 | _a52 p. | ||
| 490 |
_aASA special publication _v; 10 |
||
| 500 | _a36-60 | ||
| 590 |
_aBATCH-UPD _b10 _c20130110 _lUCH01 _h1902 |
||
| 590 |
_aBATCH-UPD _b10 _c20130410 _lUCH01 _h1229 |
||
| 590 |
_aBATCH-UPD _b10 _c20130914 _lUCH01 _h0501 |
||
| 590 |
_aCONVERSION _b10 _c20130109 _lUCH01 _h1302 |
||
| 650 | 1 | 4 |
_aAgricultura _xEstudio y ensenanza. _91474 |
| 650 | 1 | 4 |
_aEducación agrícola. _935491 |
| 650 | 1 | 4 |
_aPolítica agrícola. _990283 |
| 650 | 1 | 4 |
_aSuelos _xEstudio y enseñanza. _9110361 |
| 830 | 0 |
_aASA special publication _v; 10 |
|
| 901 | _aBK | ||
| 942 | _cLIBRO | ||
| 949 |
_a338.9 A56 _bBC _cLIBRO _d33724000156360 _eLIBRO _h76743 _i499 _mD _si |
||
| 999 |
_c351 _d351 |
||